<?xml version="1.0" encoding="UTF-8"?>
<record
    xmlns:xsi="http://www.w3.org/2001/XMLSchema-instance"
    xsi:schemaLocation="http://www.loc.gov/MARC21/slim http://www.loc.gov/standards/marcxml/schema/MARC21slim.xsd"
    xmlns="http://www.loc.gov/MARC21/slim">

  <leader>01996nam a2200301   4500</leader>
  <controlfield tag="001">45</controlfield>
  <controlfield tag="003">OSt</controlfield>
  <controlfield tag="005">20250401122215.0</controlfield>
  <controlfield tag="008">250122b        |||||||e |||| 00| 0 eng d</controlfield>
  <datafield tag="040" ind1=" " ind2=" ">
    <subfield code="b">por</subfield>
  </datafield>
  <datafield tag="041" ind1=" " ind2=" ">
    <subfield code="h">spa</subfield>
    <subfield code="a">por</subfield>
  </datafield>
  <datafield tag="082" ind1=" " ind2=" ">
    <subfield code="a">920</subfield>
    <subfield code="b">B327e</subfield>
  </datafield>
  <datafield tag="100" ind1="1" ind2=" ">
    <subfield code="a">Roa Bastos, Augusto Antonio,</subfield>
    <subfield code="d">1917-2005.</subfield>
    <subfield code="9">131</subfield>
  </datafield>
  <datafield tag="240" ind1=" " ind2=" ">
    <subfield code="a">Yo, El supremo</subfield>
  </datafield>
  <datafield tag="245" ind1=" " ind2=" ">
    <subfield code="a">Eu, o supremo /</subfield>
    <subfield code="c">Roa Bastos, Augusto ; Tradu&#xE7;&#xE3;o de Galeno de Freitas</subfield>
  </datafield>
  <datafield tag="260" ind1=" " ind2=" ">
    <subfield code="a">S&#xE3;o Paulo</subfield>
    <subfield code="b">C&#xED;rculo do Livro</subfield>
  </datafield>
  <datafield tag="300" ind1=" " ind2=" ">
    <subfield code="a">467 p.</subfield>
  </datafield>
  <datafield tag="520" ind1=" " ind2=" ">
    <subfield code="a">Esgotado h&#xE1; mais de 30 anos no Brasil, &#x201C;Eu o supremo&#x201D; foi lan&#xE7;ado em 1974 no Paraguai e se tornou um cl&#xE1;ssico instant&#xE2;neo, sendo traduzido rapidamente para mais de 20 idiomas. At&#xE9; hoje, &#xE9; considerado o romance mais famoso e mais importante do pa&#xED;s &#x2013; sendo tamb&#xE9;m uma das obras sobre ditaduras mais representativas da Am&#xE9;rica Latina. Nesse romance, Roa Bastos parte da biografia do ditador Jos&#xE9; Gaspar Francia para tentar narrar o perfil do dirigente autorit&#xE1;rio latino-americano, trazendo as caracter&#xED;sticas de outros personagens hist&#xF3;ricos do pa&#xED;s at&#xE9; apresentar uma figura que se tornaria cada vez mais comum em todo o continente ao longo do s&#xE9;culo XX, culminando nos anos de chumbo da d&#xE9;cada de 1970. Carregado de frases lapidares, o romance &#xE9; tamb&#xE9;m um ensaio hist&#xF3;rico, sociol&#xF3;gico e filos&#xF3;fico acerca do poder ditatorial. Ao passo que a publica&#xE7;&#xE3;o do romance enfureceu o ditador Alfredo Stroessner, obrigando Roa Bastos (1917-2005) a se exilar na Fran&#xE7;a, &#x201C;Eu o supremo&#x201D; fez com que o autor fosse reconhecido em todo o mundo, lhe rendendo dois grandes pr&#xEA;mios liter&#xE1;rios: Prix du Memorial de America Latina&#x201D; (1988) e Pr&#xEA;mio Miguel de Cervantes (1989).</subfield>
  </datafield>
  <datafield tag="650" ind1=" " ind2="0">
    <subfield code="a">Literatura paraguaia</subfield>
    <subfield code="9">132</subfield>
  </datafield>
  <datafield tag="650" ind1=" " ind2="0">
    <subfield code="a">Ditadura</subfield>
    <subfield code="9">34</subfield>
  </datafield>
  <datafield tag="650" ind1=" " ind2="0">
    <subfield code="a">Hist&#xF3;rico</subfield>
    <subfield code="9">53</subfield>
  </datafield>
  <datafield tag="650" ind1=" " ind2="0">
    <subfield code="a">Fatos Reais</subfield>
    <subfield code="9">33</subfield>
  </datafield>
  <datafield tag="650" ind1=" " ind2="0">
    <subfield code="a">Cl&#xE1;ssicos</subfield>
    <subfield code="9">77</subfield>
  </datafield>
  <datafield tag="655" ind1=" " ind2="0">
    <subfield code="a">Romance</subfield>
    <subfield code="9">23</subfield>
  </datafield>
  <datafield tag="655" ind1=" " ind2="0">
    <subfield code="a">Biografia </subfield>
    <subfield code="9">36</subfield>
  </datafield>
  <datafield tag="700" ind1=" " ind2=" ">
    <subfield code="a">Galeno de Freitas</subfield>
    <subfield code="e">Tradutor</subfield>
    <subfield code="9">133</subfield>
  </datafield>
  <datafield tag="942" ind1=" " ind2=" ">
    <subfield code="2">ddc</subfield>
    <subfield code="n">0</subfield>
    <subfield code="c">BK</subfield>
  </datafield>
  <datafield tag="952" ind1=" " ind2=" ">
    <subfield code="0">0</subfield>
    <subfield code="1">0</subfield>
    <subfield code="2">ddc</subfield>
    <subfield code="4">0</subfield>
    <subfield code="7">0</subfield>
    <subfield code="8">FIC</subfield>
    <subfield code="a">BIBIB</subfield>
    <subfield code="b">BIBIB</subfield>
    <subfield code="c">LE</subfield>
    <subfield code="d">1991-02-28</subfield>
    <subfield code="e">doa&#xE7;&#xE3;o</subfield>
    <subfield code="l">0</subfield>
    <subfield code="o">920 / B327e</subfield>
    <subfield code="p">2025-8906</subfield>
    <subfield code="r">2025-01-20 08:34:18</subfield>
    <subfield code="w">2025-01-20</subfield>
    <subfield code="y">BK</subfield>
  </datafield>
  <datafield tag="999" ind1=" " ind2=" ">
    <subfield code="c">45</subfield>
    <subfield code="d">45</subfield>
  </datafield>
</record>
